| 000 | 00435nam a22001217a 4500 | ||
|---|---|---|---|
| 082 | _a220 PRO | ||
| 100 |
_aNC MUHAMMAD NOOR ULLAH ASC MUHAMMAD KHALIL KHAN NC MUHAMMAD ALI _970614 |
||
| 245 | _aPR-SOF-1825-FUNCTIONALIZATION & RETROFITTING OF COORDINATE MEASRUING MACHINE | ||
| 260 |
_aISLAMABAD _bNUST COLLEGE OF EME _c2019 |
||
| 650 |
_a DE-MECH-37 _970562 |
||
| 700 |
_aSUPERVISOR ASST. PROF. SAHEEB AHMED KAYANI _970615 |
||
| 942 | _cCR | ||
| 999 |
_c577568 _d577568 |
||